| 000 | 00376nam a22001457a 4500 | ||
|---|---|---|---|
| 003 | OSt | ||
| 005 | 20160727222405.0 | ||
| 008 | 160623b xxu||||| |||| 00| 0 eng d | ||
| 040 | _cTest | ||
| 100 |
_9815 _aYoungman & Co |
||
| 245 | _aObjective Type Question in G.K. & I.Q | ||
| 260 |
_aD _b Youngman &Co _c1988 |
||
| 300 | _aObjective Type Question in G.K. & I.Q | ||
| 942 |
_2ddc _cBK |
||
| 999 |
_c654 _d654 |
||